[Event "Borne Euro Chess op-A"]
[Site "Borne"]
[Date "2011.08.02"]
[Round "2"]
[White "Klipper, Noemie"]
[Black "Beukema, Stefan"]
[Result "0-1"]
[WhiteElo "1913"]
[BlackElo "2209"]
[PlyCount "98"]
[EventDate "2011.08.01"]
[EventType "swiss"]
[EventRounds "9"]
[EventCountry "NED"]
[SourceTitle "CBM 143 Extra"]
[Source "ChessBase"]
[SourceDate "2011.08.29"]
[SourceVersion "1"]
[SourceVersionDate "2011.08.29"]
[SourceQuality "1"]

1. c4 Nf6 2. Nc3 g6 3. d4 Bg7 4. e4 d6 5. Nf3 0-0 6. Be2 e5 7. dxe5 dxe5 8. Qxd8 Rxd8 9. Bg5 Re8 10. 0-0-0 c6 11. Nxe5 Nxe4 12. Nxe4 Bxe5 13. Nd6 Bxb2+ 14. Kd2 Re5 15. f4 Rxe2+ 16. Kxe2 Bg4+ 17. Ke3 Bxd1 18. Rxd1 b6 19. Ne4 Na6 20. Rd7 h6 21. Bh4 Nb4 22. a4 c5 23. Nd6 Bc1+ 24. Kf3 Nc6 25. Nxf7 Bxf4 26. Kxf4 Rf8 27. Bg3 Rxf7+ 28. Rxf7 Kxf7 29. Ke4 Ke6 30. Bc7 Na5 31. Kd3 Kf5 32. Bb8 Nc6 33. Bd6 Ne5+ 34. Kc3 Ke4 35. a5 g5 36. axb6 axb6 37. Bc7 Nd7 38. h4 Ke3 39. hxg5 hxg5 40. g3 Nf6 41. Bxb6 Ne4+ 42. Kb3 g4 43. Ka4 Nc3+ 44. Kb3 Ne4 45. Ka4 Kd4 46. Kb5 Nc3+ 47. Kc6 Ne4 48. Kb5 Nc3+ 49. Kc6 Na4 0-1

[Event "FRA-ch U18 Girls"]
[Site "Troyes"]
[Date "2010.04.14"]
[Round "5"]
[White "Klipper, Noemie"]
[Black "De Seroux, Camille"]
[Result "0-1"]
[WhiteElo "1872"]
[BlackElo "2019"]
[PlyCount "46"]
[EventDate "2010.04.11"]
[EventType "swiss"]
[EventRounds "9"]
[EventCountry "FRA"]
[SourceTitle "EXT 2012"]
[Source "ChessBase"]
[SourceDate "2011.11.24"]
[SourceVersion "1"]
[SourceVersionDate "2011.11.24"]
[SourceQuality "1"]

1. c4 Nf6 2. Nc3 g6 3. e4 d6 4. d4 Bg7 5. Nf3 0-0 6. Be2 Qe8 7. 0-0 e5 8. dxe5 dxe5 9. Be3 Na6 10. h3 b6 11. Rb1 Bb7 12. Nd2 Rd8 13. f3 Nh5 14. b4 f5 15. Qc2 Kh8 16. Bf2 Nf4 17. Rfe1 Qe7 18. a3 Rxd2 19. Qxd2 Qg5 20. Bg3 Nxh3+ 21. gxh3 Qxd2 22. Nd5 fxe4 23. fxe4 c6 0-1

[Event "FRA-ch U18 Girls"]
[Site "Troyes"]
[Date "2010.04.11"]
[Round "1"]
[White "Lepenant, Maissane"]
[Black "Klipper, Noemie"]
[Result "1/2-1/2"]
[WhiteElo "1580"]
[BlackElo "1872"]
[PlyCount "72"]
[EventDate "2010.04.11"]
[EventType "swiss"]
[EventRounds "9"]
[EventCountry "FRA"]
[SourceTitle "EXT 2012"]
[Source "ChessBase"]
[SourceDate "2011.11.24"]
[SourceVersion "1"]
[SourceVersionDate "2011.11.24"]
[SourceQuality "1"]

1. e4 c5 2. Nf3 g6 3. Bc4 Nc6 4. d4 cxd4 5. Nxd4 Bg7 6. Nxc6 bxc6 7. c3 Qc7 8. Be3 Nf6 9. Nd2 0-0 10. 0-0 d5 11. Bd3 Rd8 12. Qe2 h5 13. Bc5 Ng4 14. Nf3 Ne5 15. Nxe5 Bxe5 16. g3 Bh3 17. Rfe1 Bd6 18. Bxd6 Qxd6 19. Rad1 Qe6 20. exd5 Qxe2 21. Bxe2 cxd5 22. Bf3 e6 23. c4 Rab8 24. cxd5 exd5 25. Bxd5 Rxb2 26. Bxf7+ Kxf7 27. Rxd8 Rxa2 28. Kh1 a5 29. Rg1 Kf6 30. Ra8 Rxf2 31. Rxa5 Be6 32. Ra6 Kg5 33. h4+ Kh6 34. Rg2 Rf1+ 35. Rg1 Rf2 36. Rg2 Rf1+ 1/2-1/2

[Event "Le Touquet op 22nd"]
[Site "Le Touquet"]
[Date "2007.11.01"]
[Round "8"]
[White "Klipper, Noemie"]
[Black "Renard, Stephane"]
[Result "0-1"]
[WhiteElo "1840"]
[BlackElo "1969"]
[PlyCount "102"]
[EventDate "2007.10.27"]
[EventType "swiss"]
[EventRounds "9"]
[EventCountry "FRA"]
[SourceTitle "EXT 2020"]
[Source "ChessBase"]
[SourceDate "2019.10.17"]
[SourceVersion "1"]
[SourceVersionDate "2019.10.17"]
[SourceQuality "1"]

1. c4 f5 2. Nc3 Nf6 3. g3 e5 4. Bg2 Be7 5. e3 0-0 6. Nge2 c6 7. d4 d6 8. 0-0 a5 9. Qb3 Kh8 10. Rd1 Qc7 11. d5 Na6 12. a3 Bd7 13. dxc6 bxc6 14. Na4 Rab8 15. Qd3 Be6 16. Bd2 Nd7 17. Qc3 Nac5 18. Nxc5 Nxc5 19. b4 axb4 20. axb4 Ne4 21. Qb3 Nxd2 22. Rxd2 d5 23. cxd5 Bxb4 24. Rc2 Bf7 25. Rxc6 Qxc6 26. Qxb4 Bxd5 27. Bxd5 Qxd5 28. Qe7 Rf7 29. Qa3 Rfb7 30. Nc3 Qe6 31. Rd1 Rb3 32. Qa5 h6 33. Rd8+ Rxd8 34. Qxd8+ Kh7 35. Qd5 Qxd5 36. Nxd5 g6 37. Kg2 Kg7 38. e4 fxe4 39. Ne3 h5 40. g4 hxg4 41. Nxg4 g5 42. Nxe5 Kf6 43. Ng4+ Kf5 44. Ne3+ Kf4 45. Nd5+ Kg4 46. Ne3+ Rxe3 47. fxe3 Kh4 48. Kf2 Kh3 49. Kg1 g4 50. Kh1 g3 51. Kg1 g2 0-1

[Event "FRA-ch U16 Girls"]
[Site "Le Grand Bornand"]
[Date "2007.04.??"]
[Round "3"]
[White "Richard, Emma"]
[Black "Klipper, Noemie"]
[Result "1-0"]
[WhiteElo "2004"]
[BlackElo "1877"]
[PlyCount "75"]
[EventDate "2007.04.07"]
[EventType "swiss"]
[EventRounds "9"]
[EventCountry "FRA"]
[SourceTitle "CBM 118 Extra"]
[Source "ChessBase"]
[SourceDate "2007.07.04"]
[SourceVersion "1"]
[SourceVersionDate "2007.07.04"]
[SourceQuality "1"]

1. d4 c5 2. d5 Nf6 3. Nc3 d6 4. e4 g6 5. Nf3 Bg7 6. Be2 0-0 7. 0-0 a6 8. a4 e6 9. Bg5 e5 10. Nd2 Qc7 11. Nc4 Ne8 12. a5 f5 13. Na4 Nd7 14. Nab6 Nxb6 15. Nxb6 Rb8 16. f3 Nf6 17. Bd3 fxe4 18. fxe4 Bg4 19. Qe1 Bd7 20. Qh4 Nh5 21. Be7 Rxf1+ 22. Rxf1 Nf4 23. Nc4 Bf8 24. Nxd6 Ba4 25. Bxf8 Rxf8 26. Nc4 Bxc2 27. d6 Qc6 28. Nxe5 Qxd6 29. Bc4+ Kg7 30. Rxf4 Qxe5 31. Rxf8 Kxf8 32. Qf2+ Kg7 33. Qxc2 Qc7 34. Qc3+ Kh6 35. e5 Qd7 36. Qh3+ Qxh3 37. gxh3 Kg5 38. Bd5 1-0

[Event "FRA-ch U14 Girls"]
[Site "Aix les Bains"]
[Date "2006.??.??"]
[Round "5"]
[White "De Seroux, Camille"]
[Black "Klipper, Noemie"]
[Result "1/2-1/2"]
[WhiteElo "1620"]
[BlackElo "1846"]
[PlyCount "108"]
[EventDate "2006.04.16"]
[EventType "swiss"]
[EventRounds "9"]
[EventCountry "FRA"]
[SourceTitle "EXT 2007"]
[Source "ChessBase"]
[SourceDate "2006.11.23"]
[SourceVersion "1"]
[SourceVersionDate "2006.11.23"]
[SourceQuality "1"]

1. e4 d5 2. exd5 Nf6 3. d4 Bg4 4. Nf3 Qxd5 5. Nc3 Bxf3 6. Nxd5 Bxd1 7. Nxf6+ gxf6 8. Kxd1 Nc6 9. c3 0-0-0 10. Bb5 Ne5 11. Kc2 Ng6 12. Be3 a6 13. Bc4 e6 14. Rae1 Bd6 15. g3 h5 16. h4 f5 17. f4 Rhe8 18. Be2 Rh8 19. Bf3 f6 20. Rhf1 e5 21. fxe5 fxe5 22. Bd5 exd4 23. Bxd4 Bxg3 24. Be6+ Kb8 25. Rd1 Be5 26. Bxe5 Nxe5 27. Rxd8+ Rxd8 28. Rxf5 Ng6 29. Rxh5 Nf4 30. Rh6 Nxe6 31. Rxe6 Rh8 32. Re4 Kc8 33. Kd3 Kd7 34. Ke3 Rg8 35. Kf3 Rg1 36. Rg4 Rb1 37. h5 Rh1 38. Rg5 Rh4 39. Kg3 Rh1 40. Kf4 Ke6 41. Rc5 c6 42. Kg5 Rg1+ 43. Kh6 Kf6 44. Kh7 Rg2 45. h6 Rxb2 46. Rc4 Rg2 47. Rf4+ Ke7 48. Re4+ Kf7 49. Rf4+ Ke7 50. Rb4 b5 51. Re4+ Kf7 52. Rf4+ Ke7 53. Re4+ Kf7 54. Rf4+ Ke7 1/2-1/2

[Event "Le Touquet op-B 20th"]
[Site "Le Touquet"]
[Date "2005.10.27"]
[Round "7"]
[White "Poslednik, Patrick"]
[Black "Klipper, Noemie"]
[Result "1/2-1/2"]
[WhiteElo "1680"]
[BlackElo "1660"]
[PlyCount "57"]
[EventDate "2005.10.22"]
[EventType "swiss"]
[EventRounds "9"]
[EventCountry "FRA"]
[SourceTitle "EXT 2006"]
[Source "ChessBase"]
[SourceDate "2005.11.24"]
[SourceVersion "1"]
[SourceVersionDate "2005.11.24"]
[SourceQuality "1"]

1. e4 d5 2. exd5 Qxd5 3. Nc3 Qa5 4. g3 e5 5. Bg2 c6 6. d4 Bb4 7. dxe5 Bxc3+ 8. bxc3 Qxc3+ 9. Bd2 Qxe5+ 10. Ne2 Nf6 11. Bf4 Qe7 12. 0-0 0-0 13. Bd6 Qe8 14. Bxf8 Qxf8 15. Qd4 Bf5 16. c3 Na6 17. Rfd1 Bg4 18. Rd2 Nc7 19. Nf4 Nb5 20. Qd3 Re8 21. c4 Nc7 22. f3 Be6 23. Kh1 Qc5 24. Nxe6 Nxe6 25. Re1 Rf8 26. Bh3 Ng5 27. Bg2 Ne6 28. Bh3 Ng5 29. Bg2 1/2-1/2

[Event "Le Touquet op-B 20th"]
[Site "Le Touquet"]
[Date "2005.10.25"]
[Round "4"]
[White "Klipper, Noemie"]
[Black "Antonic, Nenad"]
[Result "1-0"]
[WhiteElo "1660"]
[BlackElo "1500"]
[PlyCount "61"]
[EventDate "2005.10.22"]
[EventType "swiss"]
[EventRounds "9"]
[EventCountry "FRA"]
[SourceTitle "EXT 2006"]
[Source "ChessBase"]
[SourceDate "2005.11.24"]
[SourceVersion "1"]
[SourceVersionDate "2005.11.24"]
[SourceQuality "1"]

1. d4 Nf6 2. Nf3 e6 3. c4 Bb4+ 4. Bd2 Bxd2+ 5. Qxd2 0-0 6. Nc3 d5 7. cxd5 exd5 8. e3 Bf5 9. Bd3 Ne4 10. Qc2 Re8 11. 0-0 Nd7 12. Nxd5 c6 13. Nc3 Ndf6 14. Nh4 g6 15. Nxf5 gxf5 16. Rfe1 Rc8 17. f3 Nd6 18. Bxf5 Nxf5 19. Qxf5 Re6 20. Rad1 Nd5 21. Qd3 Qe7 22. e4 Nf4 23. Qd2 Qh4 24. Ne2 Nxg2 25. Kxg2 Rh6 26. Qf4 Rg6+ 27. Kh1 Qf2 28. Ng3 Qxb2 29. Rd2 Qb4 30. Rg1 Kh8 31. Ne2 1-0

[Event "France-ch U12 Girls"]
[Site "Reims"]
[Date "2004.04.18"]
[Round "1"]
[White "Saucey, Capucine"]
[Black "Klipper, Noemie"]
[Result "0-1"]
[WhiteElo "1370"]
[BlackElo "1660"]
[PlyCount "108"]
[EventDate "2004.04.??"]
[EventType "swiss"]
[EventRounds "9"]
[EventCountry "FRA"]
[SourceTitle "EXT 2005"]
[Source "ChessBase"]
[SourceDate "2004.11.15"]
[SourceVersion "1"]
[SourceVersionDate "2004.11.15"]
[SourceQuality "1"]

1. e4 e5 2. Nf3 Nc6 3. Bb5 Nge7 4. 0-0 g6 5. Re1 Bg7 6. Nc3 0-0 7. d3 d6 8. Be3 f5 9. Bd2 a6 10. Ba4 fxe4 11. Nxe4 Bg4 12. Bb3+ d5 13. Neg5 Nd4 14. h3 Bxf3 15. Nxf3 Nxf3+ 16. gxf3 Kh8 17. Qe2 Nc6 18. Kh2 Nd4 19. Qf1 Nxf3+ 20. Kh1 Nxd2 21. Qg2 c6 22. Re3 Nxb3 23. axb3 Qf6 24. Rf1 Bh6 25. Re2 Qf3 26. Qxf3 Rxf3 27. Kg2 Rf5 28. Rfe1 Bg7 29. c3 Kg8 30. d4 exd4 31. Re8+ Rxe8 32. Rxe8+ Rf8 33. Rxf8+ Kxf8 34. cxd4 Bxd4 35. Kf3 Ke7 36. Ke2 Ke6 37. Kd2 Bxb2 38. Ke3 d4+ 39. Ke4 c5 40. f3 b5 41. Kd3 Kd5 42. h4 c4+ 43. bxc4+ bxc4+ 44. Kc2 d3+ 45. Kd2 Kd4 46. Kd1 c3 47. Ke1 c2 48. Kf2 c1Q 49. Kg3 h5 50. f4 Qe3+ 51. Kg2 Ke4 52. Kh1 Qe2 53. Kg1 Kf3 54. Kh1 Qg2# 0-1

[Event "FRA-chT 0102 U18"]
[Site "France"]
[Date "2002.??.??"]
[Round "4.10"]
[White "Delivre, Raphael"]
[Black "Klipper, Noemie"]
[Result "1-0"]
[WhiteElo "1710"]
[BlackElo "1310"]
[PlyCount "81"]
[EventDate "2001.10.??"]
[EventType "team"]
[EventRounds "11"]
[EventCountry "FRA"]
[SourceTitle "EXT 2003"]
[Source "ChessBase"]
[SourceDate "2002.11.25"]
[SourceVersion "1"]
[SourceVersionDate "2002.11.25"]
[SourceQuality "1"]
[WhiteTeam "Paris NAO"]
[BlackTeam "Vandoeuvre"]
[WhiteTeamCountry "FRA"]
[BlackTeamCountry "FRA"]

1. e4 e5 2. Nf3 Nc6 3. Bc4 Bc5 4. c3 Nf6 5. d4 exd4 6. cxd4 Bb4+ 7. Nc3 Bxc3+ 8. bxc3 d5 9. exd5 Nxd5 10. Bxd5 Qxd5 11. Qe2+ Qe6 12. Qxe6+ Bxe6 13. 0-0 0-0 14. Bf4 Rac8 15. Rfd1 Bd5 16. Re1 Nb8 17. Re7 Bxf3 18. gxf3 Na6 19. Rb1 b6 20. a4 Rfe8 21. Rbe1 Rxe7 22. Rxe7 Kf8 23. Re5 Re8 24. Kf1 Rxe5 25. Bxe5 g6 26. Ke2 Ke7 27. Kd3 Kd7 28. Ke4 Ke6 29. d5+ Ke7 30. Kd4 Kd7 31. Kc4 Nb8 32. Kb5 Kc8 33. a5 bxa5 34. Kxa5 Kd7 35. Kb5 Kc8 36. c4 Kd8 37. c5 Kd7 38. c6+ Kc8 39. d6 cxd6 40. Bxd6 Nxc6 41. Kxc6 1-0

[Event "FRA-chT 0102 U18"]
[Site "France"]
[Date "2002.??.??"]
[Round "7.9"]
[White "Klipper, Noemie"]
[Black "Blanchard, Esteban"]
[Result "1-0"]
[WhiteElo "1310"]
[BlackElo "1360"]
[PlyCount "121"]
[EventDate "2001.10.??"]
[EventType "team"]
[EventRounds "11"]
[EventCountry "FRA"]
[SourceTitle "EXT 2003"]
[Source "ChessBase"]
[SourceDate "2002.11.25"]
[SourceVersion "1"]
[SourceVersionDate "2002.11.25"]
[SourceQuality "1"]
[WhiteTeam "Vandoeuvre"]
[BlackTeam "Sautron"]
[WhiteTeamCountry "FRA"]
[BlackTeamCountry "FRA"]

1. e4 c5 2. Nc3 Nc6 3. f4 g6 4. Nf3 Bg7 5. Bc4 e6 6. 0-0 Nge7 7. d3 Nd4 8. Nxd4 cxd4 9. Nb1 0-0 10. Qg4 f5 11. exf5 Nxf5 12. Qh3 Qh4 13. Qxh4 Nxh4 14. Bd2 Nf5 15. Bb4 Re8 16. Nd2 Ne3 17. Rfc1 Nxc4 18. Nxc4 b6 19. Rf1 Bf8 20. Bxf8 Rxf8 21. Rae1 Bb7 22. Nd6 Bd5 23. Re5 Rf6 24. f5 gxf5 25. Nxf5 Bb7 26. Nxd4 Rg6 27. Nf3 Rf8 28. Rg5 Rxg5 29. Nxg5 Re8 30. Ne4 Bxe4 31. dxe4 Rc8 32. c3 Rc4 33. Re1 Kf7 34. Kf2 Kf6 35. Kf3 Ke5 36. g4 Kf6 37. h4 d5 38. exd5 exd5 39. Rd1 Ke5 40. Rd4 Rxd4 41. cxd4+ Kxd4 42. h5 Ke5 43. g5 d4 44. g6 hxg6 45. hxg6 Kf6 46. Ke4 d3 47. Kxd3 Kxg6 48. Kc4 Kf6 49. Kb5 Ke5 50. Ka6 Kd6 51. Kxa7 Kc6 52. Ka6 b5 53. Ka5 Kc5 54. b4+ Kc6 55. a3 Kb7 56. Kxb5 Ka7 57. Kc6 Kb8 58. Kb6 Kc8 59. Ka7 Kc7 60. b5 Kc8 61. b6 1-0

[Event "FRA-ch U10 Girls"]
[Site "Hyeres"]
[Date "2002.??.??"]
[Round "6.7"]
[White "Klipper, Noemie"]
[Black "Calmettes, Emilie"]
[Result "1-0"]
[WhiteElo "1480"]
[BlackElo "1250"]
[PlyCount "125"]
[EventDate "2002.04.05"]
[EventType "swiss"]
[EventRounds "9"]
[EventCountry "FRA"]
[SourceTitle "EXT 2003"]
[Source "ChessBase"]
[SourceDate "2002.11.25"]
[SourceVersion "1"]
[SourceVersionDate "2002.11.25"]
[SourceQuality "1"]

1. e4 e5 2. Nf3 d6 3. Nc3 Nf6 4. Bc4 c6 5. d4 d5 6. dxe5 Nfd7 7. exd5 cxd5 8. Qxd5 Qe7 9. 0-0 Nb6 10. Bb5+ Bd7 11. Bxd7+ N8xd7 12. Qd6 Qxd6 13. exd6 Bxd6 14. Be3 0-0 15. Rad1 Bc5 16. Bxc5 Nxc5 17. Nd5 Nc4 18. b3 Nb2 19. Rb1 Rfd8 20. Ne3 Nbd3 21. cxd3 Nxd3 22. Rfd1 h6 23. Kf1 Nb4 24. a3 Rxd1+ 25. Rxd1 Nc6 26. Rd7 Na5 27. b4 Nc6 28. Rxb7 Nd8 29. Rd7 a6 30. Ke2 Kf8 31. Kd2 Ke8 32. Rd3 Rc8 33. Rc3 Nc6 34. Nd4 Ne7 35. Rxc8+ Nxc8 36. Kc3 g5 37. Kc4 Nd6+ 38. Kc5 Nc8 39. Kc6 Kd8 40. Kb7 a5 41. b5 Nd6+ 42. Ka6 Kc7 43. Kxa5 Kb7 44. Ndf5 Nc8 45. Nxh6 f6 46. Nhg4 Nd6 47. Nxf6 Nf7 48. g3 Ka7 49. h4 gxh4 50. gxh4 Kb7 51. Nf5 Ka7 52. h5 Kb7 53. h6 Ka7 54. h7 Kb7 55. Ne7 Nh8 56. f4 Ka7 57. f5 Kb7 58. Ng6 Nxg6 59. fxg6 Ka7 60. h8Q Kb7 61. Qg7+ Kc8 62. Kb6 Kd8 63. Qd7# 1-0

[Event "FRA-chT 0102 U18"]
[Site "France"]
[Date "2001.11.25"]
[Round "3.8"]
[White "Bendada, Walid"]
[Black "Klipper, Noemie"]
[Result "1-0"]
[WhiteElo "1230"]
[BlackElo "1310"]
[PlyCount "73"]
[EventDate "2001.10.??"]
[EventType "team"]
[EventRounds "11"]
[EventCountry "FRA"]
[SourceTitle "EXT 2003"]
[Source "ChessBase"]
[SourceDate "2002.11.25"]
[SourceVersion "1"]
[SourceVersionDate "2002.11.25"]
[SourceQuality "1"]
[WhiteTeam "Bois Colombes"]
[BlackTeam "Vandoeuvre"]
[WhiteTeamCountry "FRA"]
[BlackTeamCountry "FRA"]

1. e4 e5 2. Nf3 Nc6 3. Nc3 Nf6 4. d4 d6 5. Bd3 Bg4 6. d5 Nd4 7. Be2 Be7 8. Nxd4 exd4 9. Qxd4 Bxe2 10. Nxe2 Qd7 11. 0-0 0-0 12. Be3 Rfe8 13. Nc3 Ng4 14. Bf4 Bf6 15. Qd3 Ne5 16. Bxe5 Bxe5 17. Rae1 Re7 18. f4 Bxc3 19. Qxc3 f6 20. Qd4 a6 21. Re3 c5 22. Qd3 b5 23. c4 Kf7 24. b3 Rb8 25. Rb1 h6 26. Rb2 a5 27. a3 Rb7 28. Qc3 b4 29. axb4 axb4 30. Qc2 Ra7 31. Ra2 f5 32. e5 dxe5 33. fxe5 Ke8 34. Re2 Qc8 35. e6 g6 36. d6 Rxa2 37. d7+ 1-0

[Event "FRA-chT 0102 U18"]
[Site "France"]
[Date "2001.11.25"]
[Round "2.8"]
[White "Klipper, Noemie"]
[Black "Netzer, Jacques"]
[Result "1-0"]
[WhiteElo "1310"]
[BlackElo "1370"]
[PlyCount "61"]
[EventDate "2001.10.??"]
[EventType "team"]
[EventRounds "11"]
[EventCountry "FRA"]
[SourceTitle "EXT 2003"]
[Source "ChessBase"]
[SourceDate "2002.11.25"]
[SourceVersion "1"]
[SourceVersionDate "2002.11.25"]
[SourceQuality "1"]
[WhiteTeam "Vandoeuvre"]
[BlackTeam "Bischwiller"]
[WhiteTeamCountry "FRA"]
[BlackTeamCountry "FRA"]

1. e4 c5 2. Nc3 Nc6 3. f4 d6 4. Nf3 Nf6 5. Bc4 Bg4 6. 0-0 Nd4 7. d3 Nxf3+ 8. Rxf3 Bxf3 9. Qxf3 Qd7 10. Bb5 Qxb5 11. Nxb5 Kd8 12. e5 d5 13. exf6 e6 14. fxg7 Bxg7 15. f5 Rf8 16. c3 a6 17. Na3 Rb8 18. f6 Bh8 19. Qg3 Kd7 20. Bf4 Rbc8 21. Be5 Rg8 22. Qf3 Rg5 23. d4 cxd4 24. cxd4 Rf5 25. Qe3 Bxf6 26. Bxf6 Rxf6 27. Rf1 Rg6 28. Rxf7+ Kc6 29. Qc3+ Kd6 30. Qxc8 h5 31. Rd7# 1-0